The bake shop ghost / (Record no. 225)

MARC details
000 -LEADER
fixed length control field 01235nam a22003377a 4500
001 - CONTROL NUMBER
control field 225
003 - CONTROL NUMBER IDENTIFIER
control field FISKH
005 - DATE AND TIME OF LATEST TRANSACTION
control field 20230307120917.0
008 - FIXED-LENGTH DATA ELEMENTS--GENERAL INFORMATION
fixed length control field 230307b cb ||||| |||| 00| 0 eng d
020 ## - INTERNATIONAL STANDARD BOOK NUMBER
International Standard Book Number 9780547076775
040 ## - CATALOGING SOURCE
Original cataloging agency DLC
Transcribing agency DLC
Modifying agency DLC
-- FISKH
Language of cataloging eng
042 ## - AUTHENTICATION CODE
Authentication code lcac
050 00 - LIBRARY OF CONGRESS CALL NUMBER
Classification number PZ7.O3317
Item number Bak 2005
082 00 - DEWEY DECIMAL CLASSIFICATION NUMBER
Classification number 133.1
Edition number 22
100 1# - MAIN ENTRY--PERSONAL NAME
Personal name Ogburn, Jacqueline K.
245 14 - TITLE STATEMENT
Title The bake shop ghost /
Statement of responsibility, etc. by Jacqueline K. Ogburn ; illustrated by Marjorie Priceman.
260 ## - PUBLICATION, DISTRIBUTION, ETC.
Place of publication, distribution, etc. New York
Name of publisher, distributor, etc. Houghton Mifflin,
Date of publication, distribution, etc. 2005.
300 ## - PHYSICAL DESCRIPTION
Extent leaves of plates
Other physical details col. ill. ;
Dimensions 28 cm.
520 ## - SUMMARY, ETC.
Summary, etc. Miss Cora Lee Merriweather haunts her bake shop after her death, until the new shop owner makes a deal with her.
521 8# - TARGET AUDIENCE NOTE
Target audience note 880 <br/><br/>
Source Lexile
521 8# - TARGET AUDIENCE NOTE
Target audience note Q <br/><br/>
Source Raz-Plus
521 8# - TARGET AUDIENCE NOTE
Target audience note NP
650 #1 - SUBJECT ADDED ENTRY--TOPICAL TERM
Topical term or geographic name entry element Ghosts
Form subdivision Fiction.
650 #1 - SUBJECT ADDED ENTRY--TOPICAL TERM
Topical term or geographic name entry element Cake
Form subdivision Fiction.
650 #1 - SUBJECT ADDED ENTRY--TOPICAL TERM
Topical term or geographic name entry element Bakers and bakeries
Form subdivision Fiction.
700 1# - ADDED ENTRY--PERSONAL NAME
Personal name Priceman, Marjorie,
Relator term ill.
856 42 - ELECTRONIC LOCATION AND ACCESS
Materials specified Publisher description
Uniform Resource Identifier <a href="http://www.loc.gov/catdir/enhancements/fy0616/2004013186-d.html">http://www.loc.gov/catdir/enhancements/fy0616/2004013186-d.html</a>
856 42 - ELECTRONIC LOCATION AND ACCESS
Materials specified Contributor biographical information
Uniform Resource Identifier <a href="http://www.loc.gov/catdir/enhancements/fy0736/2004013186-b.html">http://www.loc.gov/catdir/enhancements/fy0736/2004013186-b.html</a>
906 ## - LOCAL DATA ELEMENT F, LDF (RLIN)
a 7
b cbc
c orignew
d 1
e ecip
f 20
g y-gencatlg
942 ## - ADDED ENTRY ELEMENTS (KOHA)
Source of classification or shelving scheme Dewey Decimal Classification
Koha item type Books
Suppress in OPAC No
Holdings
Withdrawn status Lost status Source of classification or shelving scheme Damaged status Not for loan Collection Home library Current library Shelving location Date acquired Total Checkouts Full call number Barcode Date last seen Date last checked out Price effective from Koha item type
    Dewey Decimal Classification     Fiction Footprints International School Library Network Toul Kork Campus Footprints International School Library Network Toul Kork Campus A TK Campus, 4th Floor, Room B401, Fiction Bookcases (1-6) 03/07/2023 1 OGB 133.1 PZ7.O3317 FISTK02293 01/19/2024 08/23/2023 03/07/2023 Books